LEADER 01214nam 2200349Ia 450 001 996391254403316 005 20221108062639.0 035 $a(CKB)1000000000658345 035 $a(EEBO)2240878298 035 $a(OCoLC)13799302 035 $a(EXLCZ)991000000000658345 100 $a19860628d1648 uy | 101 0 $aeng 135 $aurbn||||a|bb| 200 10$aJacobi Usserii Armachani De Macedonvm et Asianorvm anno solari dissertatio$b[electronic resource] $ecum Graecorum astronomorum parapegmate ad Macedonici et Juliani anni rationes accommodato 210 $aLondoni $cTypis M. Flesher & prostant apud Cornelium Bee ...$d1648 215 $a77, [24] p 300 $aReproduction of original in Bodleian Library. 330 $aeebo-0014 606 $aCalendar, Greek$vEarly works to 1800 606 $aCalendar, Julian$vEarly works to 1800 615 0$aCalendar, Greek 615 0$aCalendar, Julian 700 $aUssher$b James$f1581-1656.$0744208 801 0$bEAA 801 1$bEAA 801 2$bm/c 801 2$bWaOLN 906 $aBOOK 912 $a996391254403316 996 $aJacobi Usserii Armachani De Macedonvm et Asianorvm anno solari dissertatio$92404859 997 $aUNISA LEADER 01686oam 2200433 450 001 9910707781103321 005 20161028141615.0 035 $a(CKB)5470000002466734 035 $a(OCoLC)961356526 035 $a(EXLCZ)995470000002466734 100 $a20161028d1973 ua 0 101 0 $aeng 135 $aurbn||||||||| 181 $ctxt$2rdacontent 182 $cc$2rdamedia 183 $acr$2rdacarrier 200 14$aThe Auld Lang Syne Group, of Late Triassic and Jurassic (?) age, north-central Nevada /$fby D.B. Burke and N.J. Silberling 210 1$a[Washington, D.C.] :$cUnited States Department of the Interior, Geological Survey,$d1973. 210 2$aWashington :$cUnited States Government Printing Office. 215 $a1 online resource (iii, 14 pages) $cillustrations 225 1 $aGeological Survey bulletin 1394-E 225 1 $aContributions to stratigraphy 300 $a"Defines stratigraphic nomenclature for a thick sequence of lower Mesozoic rocks in north-central Nevada." 320 $aIncludes bibliographical references (page 14). 517 $aAuld Lang Syne Group, of Late Triassic and Jurassic 606 $aGeology, Stratigraphic$yJurassic$vNomenclature 606 $aGeology$zNevada$vNomenclature 615 0$aGeology, Stratigraphic 615 0$aGeology 700 $aBurke$b D. B.$01389467 702 $aSilberling$b N. J$g(Norman John),$f1928-2011, 712 02$aGeological Survey (U.S.), 801 0$bGPO 801 1$bGPO 801 2$bGPO 906 $aBOOK 912 $a9910707781103321 996 $aThe Auld Lang Syne Group, of Late Triassic and Jurassic (?) age, north-central Nevada$93479554 997 $aUNINA